| 000 | 00602nam a22002177a 4500 | ||
|---|---|---|---|
| 005 | 20170124105951.0 | ||
| 010 | _aA-371409 | ||
| 020 |
_c50.00 _a8185170002 |
||
| 035 | _aA-371409 | ||
| 037 | _bCen Lib/Ret | ||
| 040 |
_aDPL _bEN |
||
| 082 |
_a230.6 _bJAN |
||
| 245 |
_aSiva temple and temle rituals / _cedited by S.S. Janaki |
||
| 246 | _b | ||
| 260 |
_bThe Kuppuswami Sastri Research Institute _aMadras _c1988 |
||
| 300 |
_axxvi,208p. : _c21cm(Hb) |
||
| 650 |
_aHinduism _988822 |
||
| 650 |
_aSiva _910736 |
||
| 700 |
_aJanaki, S.S. _922651 |
||
| 942 |
_2ddc _cEN _h230.6 _mJAN |
||
| 999 |
_c125240 _d125240 |
||